01302nam a22002777a 450000500170000001000260001702000270004303500140007003500140008403700090009808200120010710000280011924501360014726001020028327000440038530000220042950000510045170000290050270000260053170000240055794200260058199900190060795201360062695201330076295201290089520240529120110.0 aENG-138879 ENG-140532 a9788181715272c2500.00 aEN-122411 aEN-124064 bDBAD a591.954 aChandra, Kailash967032 aFaunal Diversity of Biogeographic Zones: Indian Trans-Himalaya/cKailash Chandra, Avtar Kaur Sidhu, C. Raghunathan and T. Kubendran c2019bPublished at the Publication Division by the Director, Zoological Survey of India,aKolkata aM-Block, New Alipore, bKolkatae700053 c30cm(hbk)a226p.  aIncludes bibliographical references and index  960908aAvtar Kaur Sindhu aC. Raghunathan960915 aT. Kubendran960916 cEN2ddcmCHAh591.954 c200126d200126 001040718NFICaAVbAVd2024-01-12eDBAD/PUBg2500.00l0oCHA 591.954pEN-122411r2024-01-12 00:00:00t1v2500.00w2024-01-12yEN 001040708REFaBL1bBL1d2024-03-06eDBADg2500.00l0oCHA 591.954pEN-123083r2024-03-06 00:00:00t1v2500.00w2024-03-06yEN 001040718REFaLbLd2024-05-29eDBADg2500.00l0oCHA 591.954pEN-124064r2024-05-29 00:00:00t1v2500.00w2024-05-29yEN